000 00386nam a2200157Ia 4500
003 Ost
005 20260225132555.0
008 260225s9999||||xx |||||||||||||| ||und||
040 _cfsic
041 _afre
082 _a440
100 _aGrevisse Benoit
_eAuteur
245 0 _aEcriture journalistiques :
245 0 _bstratégies rédactionnelles /
_cGrevisse Benoit
942 _cكتاب
999 _c34370
_d34370